| 000 | 00528pab a2200181 454500 | ||
|---|---|---|---|
| 008 | 180718b2013 xxu||||| |||| 00| 0 eng d | ||
| 100 | _aIgnazi, Piero | ||
| 245 | _aVotes and votive candles: Modernization, secularization, vatican II, and the decline of religious voting in Italy: 1953-1992 | ||
| 260 | _c2013 | ||
| 300 | _ap.31-62. | ||
| 362 | _aJan | ||
| 650 | _aElections - Italy | ||
| 650 | _aElections | ||
| 700 | _aWellhofer, E. Spencer | ||
| 773 | _aComparative Political Studies | ||
| 908 | _aN | ||
| 909 | _a98618 | ||
| 999 |
_c98617 _d98617 |
||